[Event "7th Iberoamerican-ch 2019"]
[Site "Linares"]
[Date "2019.08.14"]
[Round "5.38"]
[White "Collado Barbas, Laura"]
[Black "Diaz Mino, Pablo"]
[Result "1-0"]
[WhiteElo "2070"]
[BlackElo "2239"]
[Annotator "NA"]
[PlyCount "100"]
[EventDate "2019.08.10"]
[EventType "swiss"]
[EventCountry "ESP"]
[SourceTitle "playchess.com"]
[Source "ChessBase"]
[SourceQuality "1"]
[TimeControl "5400+30"]

1. d4 {[%emt 0:00:00]} Nf6 {[%emt 0:00:00]} 2. c4 {[%emt 0:00:00]} e6 {[%emt 0:00:00]} 3. Nc3 {[%emt 0:00:00]} Bb4 {[%emt 0:00:00]} 4. Qc2 {[%emt 0:00:01]} b6 {[%emt 0:00:00]} 5. e4 {[%emt 0:00:18]} c5 {[%emt 0:00:04]} 6. a3 {[%emt 0:00:53]} Bxc3+ {[%emt 0:00:14]} 7. bxc3 {[%emt 0:00:06]} Bb7 {[%emt 0:00:14]} 8. Bd3 {[%emt 0:00:12]} b5 {[%emt 0:00:04]} 9. Qb1 {[%emt 0:00:19]} cxd4 {[%emt 0:00:36]} 10. cxd4 {[%emt 0:00:37]} Nc6 {[%emt 0:03:02]} 11. cxb5 {[%emt 0:12:30]} Nxd4 {[%emt 0:01:06]} 12. Qb4 {[%emt 0:04:43]} e5 {[%emt 0:02:55]} 13. Nf3 {[%emt 0:19:08]} Nxf3+ {[%emt 0:08:46]} 14. gxf3 {[%emt 0:00:03]} Qe7 {[%emt 0:06:45]} 15. Be3 {[%emt 0:08:35]} d5 {[%emt 0:04:29]} 16. Bc5 {[%emt 0:02:33]} Qe6 {[%emt 0:05:05]} 17. Rd1 {[%emt 0:12:05]} Nd7 {[%emt 0:27:31]} 18. Bd6 {[%emt 0:05:54]} f5 {[%emt 0:14:10]} 19. exf5 {[%emt 0:02:35]} Qh6 {[%emt 0:02:33]} 20. Rg1 {[%emt 0:03:23]} Kf7 {[%emt 0:01:06]} 21. h4 {[%emt 0:08:28]} Rhe8 {[%emt 0:01:30]} 22. Qg4 {[%emt 0:07:06]} Nf6 {[%emt 0:09:03]} 23. Qg5 {[%emt 0:01:22]} Rac8 {[%emt 0:04:24]} 24. Qxh6 {[%emt 0:02:55]} gxh6 {[%emt 0:00:02]} 25. Bb1 {[%emt 0:00:28]} Rc4 {[%emt 0:03:38]} 26. Ke2 {[%emt 0:00:58]} Rxh4 {[%emt 0:01:59]} 27. Ba2 Rd8 28. Bc7 {[%emt 0:03:22]} Rd7 {[%emt 0:01:00]} 29. Rc1 {[%emt 0:01:38]} Ne8 {[%emt 0:01:35]} 30. Bb8 {[%emt 0:00:47]} Ra4 {[%emt 0:00:51]} 31. Rc3 Kf6 32. Bxe5+ {[%emt 0:03:30]} Kxe5 {[%emt 0:01:01]} 33. Re3+ {[%emt 0:00:01]} Kf6 {[%emt 0:00:50]} 34. Rxe8 {[%emt 0:00:21]} Rxa3 {[%emt 0:00:25]} 35. Bb1 {[%emt 0:00:22]} d4 {[%emt 0:01:07]} 36. Re6+ {[%emt 0:00:50]} Kf7 {[%emt 0:00:05]} 37. Rxh6 Bxf3+ {[%emt 0:00:58]} 38. Kd2 {[%emt 0:00:45]} Kf8 {[%emt 0:00:06]} 39. f6 {[%emt 0:01:51]} Bd5 {[%emt 0:00:36]} 40. Bxh7 {[%emt 0:00:47]} Rf3 {[%emt 0:01:01]} 41. Bd3 {[%emt 0:00:25]} Rxf2+ {[%emt 0:00:32]} 42. Ke1 {[%emt 0:00:04]} Rf3 {[%emt 0:00:22]} 43. Kd2 {[%emt 0:00:53]} Rb7 {[%emt 0:00:54]} 44. Be2 {[%emt 0:00:34]} Rf5 {[%emt 0:00:32]} 45. Bh5 {[%emt 0:00:22]} Rxh5 {[%emt 0:00:48]} 46. Rxh5 {[%emt 0:00:08]} Bf3 {[%emt 0:00:22]} 47. Rh6 {[%emt 0:00:32]} Be4 {[%emt 0:00:35]} 48. Rg4 {[%emt 0:00:44]} Bf3 {[%emt 0:00:24]} 49. Rxd4 {[%emt 0:00:25]} Kf7 {[%emt 0:00:37]} 50. Ke3 {[%emt 0:00:37]} Bg2 {[%emt 0:00:12] Ke4} 1-0

[Event "7th Iberoamerican-ch 2019"]
[Site "Linares"]
[Date "2019.08.14"]
[Round "5.39"]
[White "Fernandez Ayuso, Sergio"]
[Black "Garcia Morales, Ivette Ale"]
[Result "1/2-1/2"]
[WhiteElo "2153"]
[BlackElo "1988"]
[Annotator "NA"]
[PlyCount "227"]
[EventDate "2019.08.10"]
[EventType "swiss"]
[EventCountry "ESP"]
[SourceTitle "playchess.com"]
[Source "ChessBase"]
[SourceQuality "1"]
[TimeControl "5400+30"]

1. d4 {[%emt 0:00:41]} e6 {[%emt 0:00:00]} 2. Nf3 {[%emt 0:00:04]} Nf6 {[%emt 0:00:01]} 3. Bg5 {[%emt 0:00:26]} b6 {[%emt 0:00:54]} 4. Nbd2 {[%emt 0:00:35]} Bb7 {[%emt 0:00:12]} 5. e3 {[%emt 0:02:26]} Be7 {[%emt 0:00:27]} 6. Be2 {[%emt 0:00:18]} d6 {[%emt 0:00:54]} 7. O-O {[%emt 0:00:13]} Nbd7 {[%emt 0:00:23]} 8. c3 {[%emt 0:00:33]} h6 {[%emt 0:00:56]} 9. Bh4 {[%emt 0:01:17]} O-O {[%emt 0:04:28]} 10. Qc2 {[%emt 0:05:38]} Re8 {[%emt 0:08:46]} 11. Rfd1 {[%emt 0:01:03]} Nh5 {[%emt 0:03:36]} 12. Bxe7 {[%emt 0:00:56]} Qxe7 {[%emt 0:00:21]} 13. Ne1 {[%emt 0:00:17]} Nhf6 {[%emt 0:02:23]} 14. Bf3 {[%emt 0:00:07]} Bxf3 {[%emt 0:00:17]} 15. Nexf3 {[%emt 0:00:10]} e5 {[%emt 0:00:59]} 16. dxe5 {[%emt 0:00:06]} Nxe5 {[%emt 0:04:28]} 17. h3 {[%emt 0:03:50]} Nxf3+ {[%emt 0:09:59]} 18. Nxf3 {[%emt 0:00:07]} Qe4 {[%emt 0:05:09]} 19. Qb3 {[%emt 0:01:07]} Qe6 {[%emt 0:02:13]} 20. Nd4 {[%emt 0:09:31]} Qe4 {[%emt 0:00:30]} 21. Nf3 {[%emt 0:04:11]} Qb7 {[%emt 0:06:10]} 22. a4 {[%emt 0:03:52]} a5 {[%emt 0:00:19]} 23. Rac1 {[%emt 0:09:52]} Re4 {[%emt 0:00:49]} 24. Rd4 {[%emt 0:00:30]} Rae8 {[%emt 0:00:46]} 25. Rcd1 {[%emt 0:01:18]} Qc6 {[%emt 0:03:33]} 26. Kf1 {[%emt 0:05:02]} Kf8 {[%emt 0:03:32]} 27. Qc2 {[%emt 0:06:45]} R8e6 {[%emt 0:08:59]} 28. Rc1 {[%emt 0:04:13]} Nd7 {[%emt 0:05:51]} 29. b3 {[%emt 0:02:46]} Re8 {[%emt 0:06:02]} 30. Nd2 {[%emt 0:10:50]} R4e6 {[%emt 0:00:29]} 31. Qf5 {[%emt 0:05:13]} Rf6 {[%emt 0:02:48]} 32. Qd3 {[%emt 0:01:20]} Nc5 {[%emt 0:02:07]} 33. Qe2 {[%emt 0:01:26]} Rfe6 {[%emt 0:01:04]} 34. Qc4 {[%emt 0:01:31]} Qb7 {[%emt 0:02:28]} 35. Rf4 {[%emt 0:01:38]} d5 {[%emt 0:01:44]} 36. Qe2 {[%emt 0:01:17]} Re5 {[%emt 0:04:38]} 37. Rb1 {[%emt 0:01:31]} Ne6 {[%emt 0:00:22]} 38. Rh4 {[%emt 0:03:07]} Ng5 {[%emt 0:01:36]} 39. Nf3 {[%emt 0:01:29]} Nxf3 {[%emt 0:00:26]} 40. Qxf3 {[%emt 0:00:04]} Qa6+ {[%emt 0:00:10]} 41. Qe2 {[%emt 0:00:12]} Qxe2+ {[%emt 0:00:21]} 42. Kxe2 {[%emt 0:00:03]} Re4 {[%emt 0:00:20]} 43. Rxe4 {[%emt 0:01:59]} dxe4 {[%emt 0:00:33]} 44. Rd1 {[%emt 0:00:04]} Ke7 {[%emt 0:00:28]} 45. Rd4 {[%emt 0:00:02]} Kf6 {[%emt 0:01:35]} 46. Kd2 {[%emt 0:00:36]} c5 {[%emt 0:01:28]} 47. Rd7 {[%emt 0:00:40]} Ke6 {[%emt 0:00:35]} 48. Rb7 {[%emt 0:00:18]} Rd8+ {[%emt 0:00:05]} 49. Kc2 {[%emt 0:00:03]} Rd6 {[%emt 0:00:18]} 50. f3 {[%emt 0:00:29]} exf3 {[%emt 0:00:39]} 51. gxf3 {[%emt 0:00:05]} g5 {[%emt 0:02:06]} 52. Rb8 {[%emt 0:00:15]} f5 {[%emt 0:00:57]} 53. Rf8 {[%emt 0:00:50]} Ke5 {[%emt 0:00:30]} 54. Rf7 {[%emt 0:00:18]} Ke6 {[%emt 0:00:25]} 55. Rh7 {[%emt 0:02:11]} Ke5 {[%emt 0:00:09]} 56. Rh8 {[%emt 0:00:22]} Kd5 {[%emt 0:02:54]} 57. Kd3 {[%emt 0:00:34]} c4+ {[%emt 0:00:30]} 58. Kc2 {[%emt 0:00:30]} cxb3+ {[%emt 0:01:54]} 59. Kxb3 {[%emt 0:00:00]} Rc6 {[%emt 0:00:03]} 60. c4+ {[%emt 0:04:27]} Ke5 {[%emt 0:00:36]} 61. Kc3 {[%emt 0:00:07]} Rd6 {[%emt 0:00:26]} 62. Rh7 {[%emt 0:01:06]} Rc6 {[%emt 0:01:11]} 63. Rh8 {[%emt 0:03:37]} Rd6 {[%emt 0:00:07]} 64. Kc2 {[%emt 0:00:04]} Rc6 {[%emt 0:00:08]} 65. Kd3 {[%emt 0:00:04]} Rd6+ {[%emt 0:00:05]} 66. Kc3 {[%emt 0:00:03]} Rc6 {[%emt 0:01:24]} 67. Rd8 {[%emt 0:01:32]} Rd6 {[%emt 0:00:51]} 68. Rh8 {[%emt 0:05:24]} Rc6 {[%emt 0:00:09]} 69. Rh7 {[%emt 0:00:38]} Rd6 {[%emt 0:00:22]} 70. Rc7 {[%emt 0:00:28]} Rd1 {[%emt 0:01:30]} 71. Rc6 {[%emt 0:00:08]} Rd6 {[%emt 0:00:07]} 72. f4+ {[%emt 0:00:52]} Ke6 {[%emt 0:01:25]} 73. Rc7 {[%emt 0:00:03]} Kf6 {[%emt 0:00:09]} 74. c5 {[%emt 0:00:10]} bxc5 {[%emt 0:00:30]} 75. Rxc5 {[%emt 0:00:30]} Re6 {[%emt 0:00:03]} 76. fxg5+ {[%emt 0:00:39]} hxg5 {[%emt 0:00:06]} 77. Kd3 {[%emt 0:00:10]} Re5 {[%emt 0:00:18]} 78. Rc6+ {[%emt 0:00:30]} Re6 {[%emt 0:00:11]} 79. Rc4 {[%emt 0:00:16]} Rd6+ {[%emt 0:00:18]} 80. Ke2 {[%emt 0:00:07]} Ke5 {[%emt 0:00:22]} 81. Kf3 {[%emt 0:00:16]} Rd5 {[%emt 0:00:24]} 82. Rc6 {[%emt 0:00:48]} Rd1 {[%emt 0:00:43]} 83. Ra6 {[%emt 0:00:48]} Rd5 {[%emt 0:00:00]} 84. Rg6 {[%emt 0:00:47]} Rd3 {[%emt 0:00:26]} 85. Ra6 {[%emt 0:01:06]} Rd5 {[%emt 0:00:06]} 86. Ke2 {[%emt 0:00:14]} Ke4 {[%emt 0:01:34]} 87. Re6+ {[%emt 0:00:51]} Re5 {[%emt 0:00:07]} 88. Ra6 {[%emt 0:00:31]} f4 {[%emt 0:00:30]} 89. exf4 {[%emt 0:00:09]} gxf4 {[%emt 0:00:16]} 90. Kf2 {[%emt 0:00:34]} Rc5 {[%emt 0:00:20]} 91. Re6+ {[%emt 0:00:30]} Kf5 {[%emt 0:00:30]} 92. Rb6 {[%emt 0:00:14]} Rc2+ {[%emt 0:00:28]} 93. Kf3 {[%emt 0:01:07]} Rc3+ {[%emt 0:00:02]} 94. Kg2 {[%emt 0:00:11]} Rg3+ {[%emt 0:00:53]} 95. Kh2 {[%emt 0:00:23]} Re3 {[%emt 0:02:38]} 96. Rb5+ {[%emt 0:00:11]} Ke4 {[%emt 0:00:30]} 97. Rxa5 {[%emt 0:00:35]} Re2+ {[%emt 0:00:18]} 98. Kg1 {[%emt 0:00:09]} Kf3 {[%emt 0:00:12]} 99. h4 {[%emt 0:01:45]} Rg2+ {[%emt 0:00:10]} 100. Kh1 {[%emt 0:00:16]} Rg4 {[%emt 0:00:13]} 101. Rb5 {[%emt 0:00:36]} Rxh4+ {[%emt 0:00:11]} 102. Kg1 {[%emt 0:00:03]} Rg4+ {[%emt 0:00:39]} 103. Kf1 {[%emt 0:00:04]} Kg3 {[%emt 0:00:51]} 104. a5 {[%emt 0:00:56]} f3 {[%emt 0:01:01]} 105. Rb6 {[%emt 0:00:17]} Ra4 {[%emt 0:00:25]} 106. Rg6+ {[%emt 0:00:04]} Kf4 {[%emt 0:00:17]} 107. a6 {[%emt 0:00:07]} Ke3 {[%emt 0:00:22]} 108. Re6+ {[%emt 0:00:06]} Kf4 {[%emt 0:00:11]} 109. Kf2 {[%emt 0:00:13]} Ra2+ {[%emt 0:00:08]} 110. Kf1 {[%emt 0:00:03]} Kg3 {[%emt 0:00:15]} 111. Rg6+ {[%emt 0:00:04]} Kf4 {[%emt 0:00:04]} 112. Rf6+ {[%emt 0:00:09]} Ke3 {[%emt 0:00:14]} 113. Re6+ {[%emt 0:00:03]} Kf4 {[%emt 0:00:06]} 114. Rf6+ 1/2-1/2

[Event "7th Iberoamerican-ch 2019"]
[Site "Linares"]
[Date "2019.08.15"]
[Round "6.1"]
[White "Vallejo Pons, Francisco"]
[Black "Sosa, Tomas"]
[Result "1-0"]
[WhiteElo "2678"]
[BlackElo "2508"]
[Annotator "TA"]
[PlyCount "155"]
[EventDate "2019.08.10"]
[EventType "swiss"]
[EventCountry "ESP"]
[SourceTitle "playchess.com"]
[Source "ChessBase"]
[SourceQuality "1"]

{[%evp 9,155,0,-10,0,0,0,0,0,4,0,8,0,-6,-12,30,23,54,57,63,60,62,41,58,56,111,105,123,122,112,106,111,45,45,45,95,89,92,95,106,106,106,106,106,106,106,106,106,106,112,114,107,110,115,106,106,106,106,106,115,115,115,106,115,106,125,125,127,127,127,106,105,105,105,105,105,105,105,105,107,107,107,107,119,106,119,119,116,107,107,0,119,118,120,112,112,112,102,102,102,102,105,95,119,119,119,29,119,119,119,15,533,533,526,530,473,439,582,562,736,715,731,691,706,695,729,720,686,629,618,580,775,669,775,772,793,766,764,850,823,757,641,585,2235,2217,2079,1958,1725,1696]} 1. e4 e5 2. Nf3 Nc6 3. d4 exd4 4. Nxd4 Bc5 5. Nb3 Bb6 6. Qe2 {C45: Scotch Game} (6. a4 {with more complications.} a6 7. Nc3 Nf6 8. Bd3 d6 9. O-O) (6. Nc3 Nge7 7. Bg5 f6 8. Bh4 a5 9. Bb5 Ne5 10. f4 N5g6 11. Bg3 c6 12. Bc4 Bc7 13. Qf3 b5 14. Bd3 a4 {1-0 (37) Amin,B (2709)-Grandelius,N (2694) Astana 2019}) 6... Nge7 7. Nc3 O-O 8. Be3 {The position is equal.} f5 9. exf5 Bxe3 10. Qxe3 Nxf5 $146 ({Predecessor:} 10... Nd5 11. Bc4 Re8 12. Bxd5+ Kh8 13. Ne4 Nb4 14. O-O-O Qe7 {1-0 (22) Vidic,T (1882)-Srija,S (1980) Al Ain 2013}) 11. Qd2 Qe8+ 12. Be2 d6 13. O-O-O Be6 14. f4 Kh8 15. Rde1 Qf7 16. g4 Nfe7 (16... Bxb3 $14 17. axb3 Nfd4) 17. f5 $16 Bxb3 18. axb3 g6 19. Bc4 Qg7 20. Nd5 (20. Rhg1 $16) 20... Nxd5 $14 21. Bxd5 a5 22. Bxc6 bxc6 23. Qf4 Rab8 24. Rhf1 gxf5 25. gxf5 Rb4 26. Re4 Rxe4 27. Qxe4 $16 {[%mdl 4096] Endgame KQR-KQR} c5 28. Kb1 Qf6 29. Qb7 Qe7 30. Qb5 Qe5 31. Qd7 Qg7 32. Qc6 Qe7 33. Qf3 Qf6 34. h3 h6 35. Qe2 Qg5 36. Qd3 Qf6 37. Qd2 Qg5 38. Qc3+ (38. Qxa5 Rxf5 39. Re1 Qg7 $14) 38... Rf6 39. Qf3 Qg8 40. Re1 Qf7 {[#]} 41. Qa8+ $1 Kh7 42. Qd8 {Hoping for Re7.} (42. Qxa5 Rxf5 43. Qb5 Kg6 $11) 42... Qg7 ({Don't go for} 42... Rxf5 $2 43. Re7 $18) 43. Qe8 {aiming for Re7!} Rf8 {[#]} 44. Qe4 $1 Qf6 45. Rf1 Rf7 46. Qe1 Qg5 47. Qf2 Qf6 48. Qg2 Qg5 49. Qe4 (49. Qf3 $16) 49... Rf6 (49... Qf6 $1 $11) 50. Ka2 Qg8 51. Ka3 Qf8 52. Qb7 Qf7 53. Qc6 Qe7 54. Ka2 Qf7 55. h4 Qe7 56. Qa8 Rf7 57. Rg1 ({But not} 57. Qxa5 $6 Qe2 $14) ({Better is} 57. h5 $16) 57... Rf8 (57... Rg7 $11 {remains equal.} 58. Rxg7+ Kxg7) 58. Qg2 {Intending Qg6+ and mate.} ({Much worse is} 58. Qxa5 $6 Rxf5 59. Qb5 Qf7 $11) 58... Qf7 59. h5 (59. Rf1 $16 {And now Qg6+! would win.} Qf6 60. h5) 59... a4 $2 {[%mdl 8192]} (59... Qg8 $1 $11 {and Black is okay.}) 60. Qg6+ $18 {White is clearly winning.} Qxg6 61. fxg6+ {KR-KR} Kg7 62. bxa4 Rf5 63. Rh1 d5 64. b3 d4 65. Rh2 Re5 66. Kb2 Rf5 67. Rh1 Re5 68. Rh4 Re2 69. Kc1 Re1+ 70. Kd2 Re5 71. Rh2 c6 72. Rh3 Rf5 73. Kd3 Rf2 74. a5 Rf1 75. Kc4 Rc1 76. Kxc5 Rxc2+ 77. Kxd4 Ra2 78. b4 {Accuracy: White = 75%, Black = 42%.} 1-0

[Event "7th Iberoamerican-ch 2019"]
[Site "Linares"]
[Date "2019.08.15"]
[Round "6.2"]
[White "Delgado Ramirez, Neuris"]
[Black "Cuenca Jimenez, Jose Fernando"]
[Result "1/2-1/2"]
[WhiteElo "2612"]
[BlackElo "2515"]
[Annotator "TA"]
[PlyCount "116"]
[EventDate "2019.08.10"]
[EventType "swiss"]
[EventCountry "ESP"]
[SourceTitle "playchess.com"]
[Source "ChessBase"]
[SourceQuality "1"]

{[%evp 16,116,12,-9,0,-7,50,51,56,54,52,24,22,23,26,23,16,0,8,-5,0,-8,27,-37,-42,-27,-34,-34,-50,-47,-4,-26,0,0,8,8,8,-80,-80,-67,-86,-85,-85,-83,-84,-79,-72,-85,-83,-187,-182,-128,-124,-245,-200,-200,-122,-199,-120,-143,-147,-126,-127,-175,-130,-194,-177,-205,-195,-552,-270,-534,-499,-494,-8,-8,-8,-8,-8,-8,-8,-8,-8,-8,-8,-8,-8,-8,-8,-8,-8,-8,-8,-8,-8,-8,-8,-8,-8,-8,-8,-8,-8]} 1. e4 e5 2. Nf3 Nc6 3. Bb5 a6 4. Ba4 Nf6 5. Nc3 b5 6. Bb3 Be7 7. O-O O-O 8. d3 d6 9. a4 Bg4 {C84: Closed Ruy Lopez: Unusual White 6th moves} 10. Be3 Nd4 (10... Na5 $11) 11. Bxd4 $14 exd4 {White is slightly better.} 12. Nd5 {Strongly threatening axb5.} c6 13. Nxf6+ (13. h3 Bxf3 14. Nxf6+ Bxf6 15. Qxf3 Rc8 16. axb5 axb5 17. Ra6 {½-½ (71) Inarkiev,E (2682)-Ragger,M (2632) Dubai 2014}) 13... Bxf6 14. h3 Be6 15. Nd2 $146 ({Predecessor:} 15. Bxe6 fxe6 16. Nh2 {1-0 (46) Bajarani,U (2422)-Kashlinskaya,A (2346) Kirishi 2010}) 15... Bxb3 16. cxb3 g6 17. f4 Bg7 18. Qc2 c5 {[#]} 19. e5 (19. b4 $1 $11 {[%mdl 512]}) 19... Rc8 20. axb5 axb5 21. exd6 Qxd6 22. f5 Rfe8 23. Ne4 Qe5 24. Qf2 $1 c4 25. Rae1 {aiming for fxg6.} Qxf5 26. Qxf5 (26. bxc4 $1 $11 Qxf2+ 27. Kxf2) 26... gxf5 $17 27. Nd6 Rxe1 28. Rxe1 $15 {[%mdl 4096] Endgame KRB-KRN} Rd8 29. Nxf5 c3 $1 30. Kf2 b4 ({Reject} 30... cxb2 $6 31. Rb1 $14) 31. Re2 Bf6 32. Ke1 (32. Kf3 $17 {might work better.}) 32... h5 $19 33. Kd1 Ra8 $1 {[%cal Ra8a1] And now ...Ra1+ would win.} 34. bxc3 (34. Kc2 $17) 34... bxc3 35. b4 Rb8 36. g4 (36. Ne7+ $17 {was the only defense.} Bxe7 37. Rxe7) 36... hxg4 (36... Rxb4 $19 37. gxh5 Kh7) 37. Rg2 $17 Rxb4 {Threatens to win with ...Rb1+.} 38. Rxg4+ Kf8 39. Kc1 {[#]} Ra4 $1 40. Kb1 (40. h4 $17 {was necessary.}) 40... Ke8 $19 41. h4 Kd7 42. h5 $2 (42. Re4) 42... Ke6 (42... Rb4+ $142 43. Kc2 Rb2+ 44. Kc1 Rb5) 43. Ng7+ $2 {[#]} (43. Nh4) 43... Bxg7 $1 44. Rxg7 {KR-KR} Ra5 $2 ({Black should try} 44... Rb4+ $19 45. Kc1 f5) 45. Rg4 $11 {The position is equal.} Rxh5 46. Rxd4 Rh2 47. Rc4 f5 48. Rxc3 f4 {Hoping for ...f3.} 49. Rc2 Rh3 50. Rc4 $1 Kf5 51. Kc2 $1 Rh2+ 52. Kd1 Kg4 53. Rc8 Kf3 54. d4 Ke3 {...Rh1+ is the strong threat.} 55. Rc3+ Kxd4 56. Ra3 Ke4 57. Ke1 Kf5 58. Kf1 Kg4 {Accuracy: White = 47%, Black = 54%.} 1/2-1/2

[Event "7th Iberoamerican-ch 2019"]
[Site "Linares"]
[Date "2019.08.15"]
[Round "6.3"]
[White "Henriquez Villagra, Cristobal"]
[Black "Flores, Diego"]
[Result "1/2-1/2"]
[WhiteElo "2562"]
[BlackElo "2604"]
[Annotator "TA"]
[PlyCount "93"]
[EventDate "2019.08.10"]
[EventType "swiss"]
[EventCountry "ESP"]
[SourceTitle "playchess.com"]
[Source "ChessBase"]
[SourceQuality "1"]

{[%evp 9,93,25,36,-6,-4,-15,-25,-22,-9,-8,-14,-10,0,0,0,0,-5,-13,-7,-8,-36,-20,-20,-26,-24,-8,10,6,15,-7,-5,-5,0,0,0,0,16,15,22,22,26,35,102,91,92,81,96,98,135,78,72,33,50,43,34,6,6,0,0,0,0,0,0,0,0,0,0,0,0,0,0,0,0,0,0,0,0,0,0,0,0,0,0,0,0,0]} 1. d4 Nf6 2. Nf3 g6 3. Nbd2 Bg7 4. e4 d6 5. Bb5+ Nc6 (5... c6 6. Bd3 O-O 7. O-O c5 8. d5 e6 9. c4 Re8 10. Rb1 Na6 11. a3 exd5 12. exd5 Nc7 13. b3 b5 14. Qc2 Rb8 15. Bb2 Bd7 16. Bc3 Na8 17. Rfe1 Nb6 18. Rxe8+ Bxe8 19. Qc1 {½-½ (19) Dubov,D (2703)-Svidler,P (2737) St Petersburg 2018}) 6. d5 $146 {[%mdl 64] [#] Pin. B07: Pirc Defence: Miscellaneous Systems} ({Predecessor:} 6. O-O O-O 7. Re1 Bd7 8. c3 e5 9. Bf1 a5 10. dxe5 Nxe5 11. Nxe5 dxe5 12. Nc4 Qe7 {½-½ (33) Nestorovic,N (2473)-Ivic,V (2516) Belgrade 2019}) 6... a6 7. Ba4 {[%mdl 64] Pin} b5 8. c3 {Black has an edge.} bxa4 9. Qxa4 {[%mdl 64] Pin} O-O {[#] aiming for ...Na7.} 10. dxc6 Qe8 11. Nb3 Rb8 12. h3 Rb6 13. Be3 Rxc6 14. Na5 Rxc3 $1 15. Qxe8 Rxe3+ 16. fxe3 Rxe8 17. e5 $36 {[%mdl 2048] White has the initiative.} Nd7 18. Rc1 Nxe5 {Threatens to win with ...Nd3+.} 19. Nxe5 Bxe5 20. Rxc7 Bxb2 21. Kf2 Bf5 22. Nc6 Bf6 23. a4 Be4 24. Rc1 Kg7 25. Rc4 Bxc6 (25... d5 $14 26. Rb4 h5) 26. R4xc6 $14 {[%mdl 4096] Endgame KRR-KRB} Rb8 27. Rxa6 Rb2+ 28. Kf3 Rb3 29. Ra5 ({White should try} 29. a5) 29... Ra3 $16 30. Rc4 h6 31. h4 h5 32. g3 Be5 {The position is equal.} 33. Rb5 f5 34. Rb7 Kf7 35. Rcc7 Bf6 36. Ra7 d5 37. Ke2 Ra2+ 38. Kd1 Rg2 39. a5 {[%cal Ba4a5,Ba5a6,Ba6a7][%mdl 32]} Rxg3 40. a6 Rxe3 41. Rab7 Ra3 {And now ...Ra1+ would win.} ({Much worse is} 41... Bxh4 $6 42. a7 $18) 42. a7 {Strongly threatening Rc8.} Bd4 $1 ({Avoid the trap} 42... Bxh4 $2 43. Rc8 $18) 43. Rxe7+ Kf6 44. Rf7+ Ke5 45. Rfe7+ Kf6 46. Rf7+ Ke5 47. Rfe7+ {Accuracy: White = 62%, Black = 66%.} 1/2-1/2

[Event "7th Iberoamerican-ch 2019"]
[Site "Linares"]
[Date "2019.08.15"]
[Round "6.4"]
[White "Huerga Leache, Mikel"]
[Black "Albornoz Cabrera, Carlos Daniel"]
[Result "1/2-1/2"]
[WhiteElo "2440"]
[BlackElo "2566"]
[Annotator "TA"]
[PlyCount "95"]
[EventDate "2019.08.10"]
[EventType "swiss"]
[EventCountry "ESP"]
[SourceTitle "playchess.com"]
[Source "ChessBase"]
[SourceQuality "1"]

{[%evp 9,95,24,19,-13,9,10,30,27,24,26,26,12,34,35,47,27,33,22,22,41,44,41,53,15,38,44,40,43,39,18,15,13,23,0,0,0,8,0,0,0,0,0,0,0,0,-45,-48,-35,-54,-45,-43,-53,-42,-60,-50,-39,-44,-35,0,0,0,0,0,0,0,0,0,0,0,0,0,0,0,0,0,0,0,0,0,0,0,0,0,0,0,0,0,0]} 1. Nf3 Nf6 2. g3 g6 3. b3 Bg7 4. Bb2 d6 5. d4 c5 6. c4 {A49: 1 d4 Nf6 2 Nf3 g6 3 g3: Anti-King's Indian systems} cxd4 7. Nxd4 Ne4 $146 ({Predecessor:} 7... d5 8. Bg2 dxc4 9. O-O cxb3 10. Qxb3 O-O 11. Na3 Nc6 12. Rfd1 Nxd4 13. Bxd4 {1-0 (22) Pantsulaia,L (2598)-Amin,B (2665) Al Ain 2015}) 8. Bg2 {White has an edge.} Qa5+ 9. Kf1 Nf6 10. Qd2 (10. h4 {keeps more tension.} Nbd7 11. Nc3 h5 12. Qd2 O-O 13. Rd1) 10... Qb6 (10... Qxd2 {feels hotter.} 11. Nxd2 O-O 12. h4 h5 13. Rd1 Na6) 11. Nc3 O-O 12. Rc1 Nc6 13. c5 dxc5 14. Nxc6 bxc6 15. Na4 Qc7 16. Qf4 Qd8 17. Bxc6 Bh3+ 18. Bg2 Qd5 19. f3 (19. Qf3 {is interesting.} Qxf3 20. exf3 Bd7 21. Nxc5 Rac8 22. Nxd7 Nxd7 23. Ba3) 19... Qe6 20. Qe5 c4 21. Rxc4 Rfd8 {[#] Strongly threatening ...Rd1+.} 22. Qxe6 Bxe6 23. Rd4 Nd5 24. Rd3 Bxb2 25. Nxb2 Nb4 $36 {[%mdl 2048] Black is more active.} 26. Rxd8+ Rxd8 27. a3 Nc2 28. Kf2 Bxb3 29. Nd3 a5 30. Nc5 Bc4 31. Rc1 Rd2 32. Bf1 Nxa3 33. Nb7 a4 {aiming for ...Bb5.} 34. Nc5 {The position is equal.} Bb5 {[#]} 35. Nxa4 $1 {[%mdl 512]} Bxa4 36. Ra1 Nb5 {...Bb3 is the strong threat.} 37. Rxa4 $11 {[%mdl 4096] Endgame KRB-KRN} Nc3 38. Ra7 Kf8 39. Rc7 Rc2 {Hoping for ...Ne4+!} 40. Rc8+ Kg7 {Threatens to win with ...Ne4+!} 41. Rd8 e5 42. Re8 Kf6 43. f4 exf4 44. gxf4 Nd5 45. Re4 Rc3 46. Bg2 Ne7 47. Bf3 Nf5 48. Ra4 {Accuracy: White = 70%, Black = 83%.} 1/2-1/2

[Event "7th Iberoamerican-ch 2019"]
[Site "Linares"]
[Date "2019.08.15"]
[Round "6.5"]
[White "Anton Guijarro, David"]
[Black "Escobar Forero, Alder"]
[Result "1/2-1/2"]
[WhiteElo "2678"]
[BlackElo "2477"]
[Annotator "TA"]
[PlyCount "103"]
[EventDate "2019.08.10"]
[EventType "swiss"]
[EventCountry "ESP"]
[SourceTitle "playchess.com"]
[Source "ChessBase"]
[SourceQuality "1"]

{[%evp 17,103,21,11,22,30,32,2,16,66,52,56,44,49,46,47,37,62,60,69,69,63,61,63,78,84,16,35,0,19,0,54,20,52,46,58,8,9,7,9,10,10,12,14,14,79,63,74,73,66,61,63,59,68,0,0,0,0,0,9,0,0,0,6,8,6,6,14,14,53,0,0,0,0,0,0,0,0,0,27,0,0,0,0,0,0,0,0,0]} 1. c4 c6 2. d4 d5 3. Nf3 Nf6 4. Nc3 a6 5. g3 g6 6. Bg2 Bg7 7. O-O dxc4 8. a4 a5 9. e4 O-O 10. Qe2 {D78: Fianchetto Grünfeld: 6 0-0 c6} Na6 {[%cal Bb8a6,Ba6b4,Bb4d3][%mdl 32]} 11. Rd1 Nb4 12. Ne5 Nd3 $146 ({Predecessor:} 12... Ne8 13. Nxc4 Nd6 14. Nxd6 exd6 15. Bf4 Re8 16. Qd2 Bg4 17. Re1 Qb6 {0-1 (47) Kaufeld,J (2348)-Buhmann,R (2583) Vienna 2013}) 13. Nxd3 {[#] Black must now prevent Ne5.} cxd3 14. Qxd3 Bg4 15. f3 Be6 16. Be3 Qb8 17. Ne2 Rd8 18. Nf4 Bd7 19. Qc3 Be8 20. Nd3 b6 21. Qb3 (21. Qc2 $16) 21... e6 $11 22. Bf4 Qa7 $1 23. Be3 Qb8 24. Qc2 Ra7 25. Rac1 Nd7 26. e5 {With the idea Nf2.} (26. Bf1 {with more complications.} e5 27. dxe5 Nxe5 28. Nxe5 Bxe5 29. f4) 26... c5 $1 27. dxc5 Nxc5 28. Nxc5 Rxd1+ 29. Rxd1 {[#] aiming for Nd3.} bxc5 30. Qxc5 Rc7 (30... Ra8 $11) 31. Qxa5 $16 {Threatens to win with b4.} Qb3 32. Qxc7 Qxd1+ 33. Kf2 {Strongly threatening a5.} Qxa4 34. Bf1 h5 35. f4 (35. Be2 $14) 35... Bc6 $11 36. Qd8+ Kh7 37. Qd3 Qb4 38. Qd4 Qb3 39. Be2 Bf8 40. Qc4 Qb7 $1 41. Qa6 Qc7 42. Qb6 Qc8 43. Bc5 (43. b4 $14) 43... Bxc5+ 44. Qxc5 {And now Bf3 would win.} Qb7 45. b4 {[%cal Bb2b4,Bb4b5][%mdl 32]} Kg7 46. b5 Bh1 47. Bf1 Bd5 48. b6 Qa8 {The position is equal.} 49. Qb4 Qa2+ 50. Be2 Bb7 51. Qb5 Qd2 52. Qd3 {Accuracy: White = 60%, Black = 67%.} 1/2-1/2